000 00396nam a2200145Ia 4500
008 230711s9999||||xx |||||||||||||| ||und||
041 _aENG
082 _a6210
_bSO-A
100 _aSoclof,Sidney
245 0 _aApplication of analog integrated circuits
250 _a1st Ed.
260 _c1990
_aNew Delhi
_bPrentice-Hall of India Private Limited
650 _aElectronics Engineering
942 _cBK
999 _c1289
_d1289